| 000 | 00782nam a2200241Ia 4500 | ||
|---|---|---|---|
| 999 |
_c36095 _d36095 |
||
| 001 | 1995 | ||
| 003 | GE_BSU | ||
| 005 | 20221222122343.0 | ||
| 008 | 181216s2005ru xx |||||||||||||| ||rus|| | ||
| 020 | _a5160024891 | ||
| 040 | _cGE_BSU | ||
| 041 | _arus | ||
| 080 | _a349.2(075.32) П-12 | ||
| 100 |
_aПанина, А. Б. _915160 |
||
| 245 |
_aТрудовое право : _bУчебное пособие для среднего проф. образ-я / _cА.Б. Панина. |
||
| 250 | _a2-е испр.и допол. | ||
| 264 |
_aМосква : _bФорум-Инфра-М, _c2005. |
||
| 300 | _a288 стр. | ||
| 653 | _aТрудовое право | ||
| 653 | _aშრომის კოდექსი | ||
| 653 | _aსამართალი | ||
| 942 |
_cBK _2udc |
||